01129 a2200169 4500003000500000005001700005010001600022020001500038040000900053082001800062100002000080245003800100260012100138300003300259505063300292650003400925Nust20221130102712.0 a 90034236 a0023371307 cNust00a621.38152,FER1 aFerry, David K.10aSemiconductors /cDavid K. Ferry. aNew York :bMacmillan ;aToronto :bCollier Macmillan Canada ;aNew York :bMaxwell Macmillan International,cc1991. axv, 608 p. :bill. ;c25 cm. aIntroduction (Page-1), Crystal Structure and Bonding (Page-12), Nearly Free Electron Dynamics (Page-40), Lattice Dynamics (Page-68), Electron Structure (Page-112), Semiconductor Statistics (Page-189), Electron Phonon Interaction (Page-209), The Boltzmann Equation (Page-241), Diffusion and Optical Properties (Page-280), High Field Transport (Page-318), Further Applications of High Field Transport (Page-372), Electron- Electron Interaction (Page-422), Nonparabolicity and its Effects (Page-450), Disordered Semiconductors (Page-465), Quantum Transport in Semiconductors (Page-502), Nonequilibrium Quantum Transport (Page-557). 0aTelecommunication Engineering